[Event "Challenge"]
[Site "http://www.queenalice.com/game.php?id=411111"]
[Date "2008.5.31"]
[Round "-"]
[White "solo"]
[Black "TacaRachaNoMuro"]
[Result "1/2-1/2"]
[WhiteElo "1531"]
[BlackElo "1214"]

1. e4 e5 2. Qh5 g6 3. Qxe5+ Ne7 4. Qxh8 h5 5. d3 d5 6. Bh6 Nd7 7. Nf3 dxe4 8.
dxe4 Nc6 9. Bb5 Qf6 10. Qxf6 Nxf6 11. Bxc6+ bxc6 12. Bxf8 Kxf8 13. Nbd2 Bg4 14.
Nd4 c5 15. Nc6 Re8 16. f3 Bd7 17. Na5 1/2-1/2

[Event "Challenge"]
[Site "http://www.queenalice.com/game.php?id=411114"]
[Date "2008.5.31"]
[Round "-"]
[White "tayh"]
[Black "TacaRachaNoMuro"]
[Result "0-1"]
[WhiteElo "1641"]
[BlackElo "1385"]

1. g3 g6 2. Bg2 Bg7 3. Nf3 e5 4. O-O e4 5. Nd4 Bxd4 6. d3 exd3 7. cxd3 Nc6 8. e3
Bg7 9. d4 Nf6 10. d5 Ne5 11. e4 O-O 12. Bf4 d6 13. Nc3 Bg4 14. Qb3 Qc8 15. Rac1
Nd3 16. Rc2 Nxf4 17. f3 Nxg2 18. fxg4 Ne3 19. g5 Nfg4 20. Rf4 Nxc2 21. Qxc2 Bd4+
22. Kh1 Be3 23. Rf1 Bxg5 24. h3 Ne3 25. Qf2 Qxh3+ 26. Kg1 Ng4 27. Qc2 Be3+ 28.
Rf2 Nxf2 29. Qxf2 Qxg3+ 0-1

[Event "Challenge"]
[Site "http://www.queenalice.com/game.php?id=411508"]
[Date "2008.6.1"]
[Round "-"]
[White "therota2"]
[Black "TacaRachaNoMuro"]
[Result "1-0"]
[WhiteElo "1113"]
[BlackElo "1297"]

1. d4 e6 2. Nc3 e5 3. e3 Qf6 4. Bd3 exd4 5. Nd5 Qd6 6. Qh5 Nf6 7. Nxf6+ Qxf6 8.
Qd5 Be7 9. exd4 O-O 10. g4 c6 11. Qh5 Qe6+ 12. Be3 Bb4+ 13. c3 Bd6 14. Qxh7# 1-0

[Event "TAKA RACHA NE"]
[Site "http://www.queenalice.com/game.php?id=417842"]
[Date "2008.6.15"]
[Round "-"]
[White "perucona"]
[Black "TacaRachaNoMuro"]
[Result "0-1"]
[WhiteElo "1462"]
[BlackElo "1480"]

1. e4 e5 2. d4 exd4 3. Qxd4 Nc6 4. Qd5 Nf6 5. Qc4 Na5 6. Qe2 Bb4+ 7. c3 Bc5 8.
Be3 Nxe4 9. Bxc5 d5 10. f3 f5 11. fxe4 dxe4 12. Na3 b6 13. Qh5+ g6 14. Qe2 Bb7
15. Qb5+ Bc6 16. Qe2 bxc5 17. Rd1 Qe7 18. Nh3 Qh4+ 19. g3 Qf6 20. Bg2 O-O 21.
Bf1 e3 22. Qxe3 Bxh1 23. Bc4+ Nxc4 24. Qd3 Nxb2 25. Qd2 Rae8+ 26. Kf1 Rd8 27.
Qxb2 Rxd1+ 28. Ke2 Qe6+ 29. Kxd1 Bf3+ 30. Kc2 Qe4+ 31. Kb3 Bd1+ 32. Nc2 c4+ 33.
Ka3 Bxc2 34. Nf2 Qe7+ 35. Qb4 Qd6 36. Qxd6 cxd6 37. h3 Re8 38. Kb4 d5 39. Kb5
Re3 40. Kb4 Rxg3 41. Kb5 Rxc3 42. Kc6 Rf3 43. Nh1 Rxh3 44. Nf2 Rf3 45. Nh1 Be4
46. Kb7 Ra3 47. Nf2 Bf3 48. Nd1 Rxa2 49. Nc3 Ra3 50. Nb5 Rb3 51. Kxa7 Rxb5 52.
Ka6 Rb1 53. Ka5 c3 54. Ka6 d4 0-1

[Event "Challenge"]
[Site "http://www.queenalice.com/game.php?id=422837"]
[Date "2008.6.25"]
[Round "-"]
[White "tomas_lp_96"]
[Black "TacaRachaNoMuro"]
[Result "0-1"]
[WhiteElo "1184"]
[BlackElo "1311"]

1. e4 e5 2. Qh5 Nf6 3. Qxe5+ Be7 4. d4 d6 5. Qb5+ Nc6 6. Qa4 Nxe4 7. Bc4 O-O 8.
Qb3 Nxd4 9. Qg3 Nxg3 10. hxg3 Nxc2+ 11. Kd2 Nxa1 12. Bd3 Bg5+ 13. Ke2 Re8+ 14.
Kf3 Qf6+ 15. Bf5 Qxf5+ 16. Bf4 Qe4# 0-1

[Event "Challenge"]
[Site "http://www.queenalice.com/game.php?id=423420"]
[Date "2008.6.26"]
[Round "-"]
[White "juan_francisco"]
[Black "TacaRachaNoMuro"]
[Result "1-0"]
[WhiteElo "1171"]
[BlackElo "1334"]

1. e4 e5 2. Qh5 Qe7 3. d3 Nf6 4. Qf5 Qb4+ 5. Nd2 g6 6. Qxe5+ Be7 7. a3 Qc5 8.
Qf4 Qxc2 9. Qh6 Bf8 10. Qg5 Qc6 11. Nc4 d6 12. Qxf6 Rg8 13. Bg5 Nd7 14. Qd8# 1-0

[Event "Challenge"]
[Site "http://www.queenalice.com/game.php?id=429184"]
[Date "2008.7.7"]
[Round "-"]
[White "andres_98"]
[Black "TacaRachaNoMuro"]
[Result "0-1"]
[WhiteElo "1215"]
[BlackElo "1294"]

1. e4 e5 2. Bc4 Nf6 3. Bb3 Nxe4 4. Qe2 Ng5 5. Qc4 Qf6 6. Qxc7 Qd8 7. Qxe5+ Ne6
8. Qd5 Qe7 9. Qb5 Nc7+ 10. Kf1 Nxb5 11. d3 Qe5 12. Bc4 Bb4 13. Be3 O-O 14. Bxb5
Qxb2 15. Nd2 Qxa1+ 16. Ke2 d5 17. Bf4 Bg4+ 18. Ke3 Bc5+ 19. d4 Bxd4+ 20. Kd3
Qc3# 0-1

[Event "Challenge"]
[Site "http://www.queenalice.com/game.php?id=431371"]
[Date "2008.7.11"]
[Round "-"]
[White "rubon"]
[Black "TacaRachaNoMuro"]
[Result "0-1"]
[WhiteElo "1350"]
[BlackElo "1314"]

1. e4 e5 2. Nf3 Bd6 3. d3 Nf6 4. Bg5 h6 5. Bh4 O-O 6. Nc3 Qe8 7. d4 exd4 8. Nxd4
Nxe4 9. Be2 Bb4 10. a3 Nxc3 11. bxc3 Bxc3+ 0-1

[Event "Challenge"]
[Site "http://www.queenalice.com/game.php?id=434096"]
[Date "2008.7.16"]
[Round "-"]
[White "TacaRachaNoMuro"]
[Black "juan_francisco"]
[Result "1-0"]
[WhiteElo "1340"]
[BlackElo "1436"]

1. e4 e5 2. Bd3 Nc6 3. Nf3 Bc5 4. O-O Nf6 5. Bb5 a6 6. Bxc6 dxc6 7. Nxe5 Nxe4 8.
Nd3 b6 9. Re1 f5 10. Qh5+ g6 11. Qh6 Qd4 12. Qf4 Rf8 13. Nc3 g5 14. Qe5+ Qxe5
15. Nxe5 Bxf2+ 16. Kf1 Ke7 17. Re2 Nxc3 18. dxc3 Bh4 19. Nxc6+ Kf7 20. Ne5+ Kf6
21. g3 Bxg3 22. hxg3 Re8 23. Nf3 Rxe2 24. Bxg5+ Kg6 25. Kxe2 h6 26. Bf4 Bd7 27.
Ne5+ Kf6 28. Nxd7+ Ke6 29. Nxb6 Rb8 30. Bxc7 Rg8 31. Rd1 Rg7 32. Rd6+ Ke5 33.
Rd5+ Kf6 34. Be5+ Ke6 35. Bxg7 h5 36. Re5+ Kd6 37. Rxf5 Kc6 38. Bd4 a5 39. c4 a4
40. Rxh5 Kd6 41. c5+ Kc6 42. Rh6+ Kb7 43. c6+ Kc7 44. g4 Kd8 45. Rh7 Ke8 46. c7
1-0

[Event "Challenge"]
[Site "http://www.queenalice.com/game.php?id=438952"]
[Date "2008.7.25"]
[Round "-"]
[White "euller"]
[Black "TacaRachaNoMuro"]
[Result "0-1"]
[WhiteElo "1237"]
[BlackElo "1446"]

1. d4 e6 2. e3 Bb4+ 3. c3 Ba5 4. b4 Bb6 5. Nd2 Nf6 6. h3 O-O 7. g4 d5 8. g5 Ne8
9. h4 Qe7 10. Ngf3 c6 11. a3 Qd6 12. Bh3 a5 13. Rb1 Na6 14. bxa5 Bxa5 15. Nb3
Bxc3+ 16. Bd2 Bxd2+ 17. Nfxd2 Qxa3 18. Nf3 Nb4 19. Ne5 Nd6 20. h5 Qa2 21. f3
Nc2+ 22. Kd2 Nc4+ 23. Nxc4 dxc4 24. Nc1 Qxb1 25. Bf1 b5 26. Bh3 Ra3 27. Bf5 c3+
28. Ke2 b4 29. Kf2 exf5 30. Nd3 Qa1 31. Qxc2 Qxh1 32. Nxb4 Qh4+ 33. Ke2 Qh2+ 34.
Kd1 Ra1+ 35. Qc1 c2+ 0-1

[Event "Challenge"]
[Site "http://www.queenalice.com/game.php?id=443607"]
[Date "2008.8.4"]
[Round "-"]
[White "TacaRachaNoMuro"]
[Black "lucasalex"]
[Result "0-1"]
[WhiteElo "1432"]
[BlackElo "2009"]

1. e4 Nf6 2. Bd3 Nc6 3. Nf3 e5 4. Ng5 Bc5 5. O-O d5 6. Qh5 Nxh5 7. exd5 Qxg5 8.
dxc6 Bh3 9. Be4 Bxg2 10. d4 Nf4 11. Bxf4 Qxf4 12. Bxg2 Bxd4 13. cxb7 Rb8 14. Nc3
Bxc3 15. bxc3 O-O 16. Rae1 Rfe8 17. Be4 Re6 18. Re3 Rh6 19. h3 Qf6 20. Rb1 c6
21. c4 Qe7 22. Reb3 Qe6 23. c5 a5 24. Rd1 g6 25. Rd6 Qxb3 26. cxb3 Rxb7 27. Rxc6
Ra7 28. Rc8+ Kg7 29. Bg2 Rh4 0-1

[Event "Challenge"]
[Site "http://www.queenalice.com/game.php?id=450460"]
[Date "2008.8.19"]
[Round "-"]
[White "TacaRachaNoMuro"]
[Black "RicardoFialho"]
[Result "0-1"]
[WhiteElo "1455"]
[BlackElo "2018"]

1. d4 d5 2. c4 c6 3. Nc3 e6 4. cxd5 cxd5 5. e3 a6 6. Nf3 Nc6 7. Bd3 Nf6 8. O-O
Bd6 9. e4 dxe4 10. Nxe4 Nxe4 11. Bxe4 Ne7 12. Qb3 Rb8 13. Re1 h6 14. Kh1 Qc7 15.
Bd2 Bd7 16. Bb4 Bxb4 17. Qxb4 Nc6 18. Qc5 b6 19. Qc3 f6 20. Bxc6 Qxc6 21. Qxc6
Bxc6 22. Rxe6+ Kd7 23. Rae1 Rhe8 24. R6e3 Rxe3 25. fxe3 Bd5 26. b3 Rc8 27. e4
Bf7 28. Ra1 Bg6 29. e5 fxe5 30. Nxe5+ Kc7 31. Rc1+ Kb7 32. Rxc8 Kxc8 33. Nxg6
Kc7 34. Ne7 Kd6 35. Nf5+ Kd5 36. Nxg7 Kxd4 37. Nf5+ Kc3 38. Nxh6 Kb2 39. g4 Kxa2
40. g5 Kxb3 41. g6 a5 0-1

[Event "oia!!!!!!!!"]
[Site "http://www.queenalice.com/game.php?id=450524"]
[Date "2008.8.19"]
[Round "-"]
[White "TacaRachaNoMuro"]
[Black "felipe_jp"]
[Result "1-0"]
[WhiteElo "1433"]
[BlackElo "1450"]

1. e4 e5 2. Nf3 d6 3. d4 exd4 4. Bg5 Be7 5. Bxe7 Nxe7 6. Qxd4 O-O 7. Bc4 Be6 8.
Ng5 Nec6 9. Qc3 Bxc4 10. Qxc4 Qxg5 11. O-O Ne7 12. Nc3 1-0

[Event "ssssssss"]
[Site "http://www.queenalice.com/game.php?id=472792"]
[Date "2008.10.4"]
[Round "-"]
[White "TacaRachaNoMuro"]
[Black "therota2"]
[Result "1-0"]
[WhiteElo "1463"]
[BlackElo "1500"]

1. e3 e5 2. d4 Qf6 3. Nf3 d6 4. dxe5 dxe5 5. Bb5+ c6 6. Ba4 b5 7. Bb3 Bf5 8. O-O
Bd6 9. Re1 Na6 10. Nc3 Be7 11. Qd2 Bc5 12. a4 b4 13. Ne2 Rd8 14. Bxf7+ Kxf7 15.
Ned4 exd4 16. exd4 Bxd4 17. Qe2 Ne7 18. Bg5 Qd6 19. Qxe7+ Qxe7 20. Bxe7 Rd5 21.
Rad1 Bxc2 22. Rxd4 Bxa4 23. Rf4+ Kg6 24. Re6+ Kh5 25. Rh4# 1-0

[Event "archiphile"]
[Site "http://www.queenalice.com/game.php?id=489094"]
[Date "2008.11.6"]
[Round "1"]
[White "TacaRachaNoMuro"]
[Black "Popeye"]
[Result "0-1"]
[WhiteElo "1468"]
[BlackElo "1539"]

1. e4 e5 2. Nf3 d6 3. Bb5+ Bd7 4. Bd3 h6 5. O-O a6 6. Re1 Nf6 7. b3 Nc6 8. Bb2
a5 9. Qe2 Nb4 10. a3 Nc6 11. Bb5 Na7 12. Bxd7+ Qxd7 13. d3 b6 14. d4 exd4 15.
Bxd4 Be7 16. Qa6 O-O 17. e5 dxe5 18. Nxe5 Qxd4 19. c3 Qd6 20. a4 Nc6 21. Qb7
Nxe5 0-1

[Event "Challenge"]
[Site "http://www.queenalice.com/game.php?id=494254"]
[Date "2008.11.16"]
[Round "-"]
[White "TacaRachaNoMuro"]
[Black "Tlaloc2k"]
[Result "0-1"]
[WhiteElo "1440"]
[BlackElo "1644"]

1. e4 e5 2. Nf3 d6 3. Bb5+ c6 4. Ba4 Ne7 5. O-O a6 6. d3 b5 7. Bb3 a5 8. Nh4 a4
9. Bxf7+ Kxf7 10. Qf3+ Kg8 11. Bd2 Nd7 12. a3 Nf6 13. Bg5 Nd7 14. Nd2 h6 15. Ng6
Rh7 16. Nxf8 Nxf8 0-1

[Event "Challenge"]
[Site "http://www.queenalice.com/game.php?id=495288"]
[Date "2008.11.19"]
[Round "-"]
[White "cridio"]
[Black "TacaRachaNoMuro"]
[Result "1-0"]
[WhiteElo "1517"]
[BlackElo "1453"]

1. d4 g6 2. c4 Bg7 3. Nf3 Nf6 4. Nc3 O-O 5. e3 d6 6. d5 Bg4 7. Nb5 a6 8. Nbd4 c5
9. Nb3 a5 10. h3 a4 11. Nbd2 1-0